[Event "Leca da Palmeira op"]
[Site "Leca da Palmeira"]
[Date "2022.08.03"]
[Round "6"]
[White "Goncalves, Samuel Jesus P"]
[Black "Pena Duarte, Fabian Dario"]
[Result "1-0"]
[WhiteElo "1957"]
[BlackElo "2224"]
[PlyCount "99"]
[EventDate "2022.07.31"]
[EventType "swiss"]
[EventRounds "9"]
[EventCountry "POR"]
[SourceTitle "CBM 209 Extra"]
[Source "ChessBase"]
[SourceDate "2022.09.30"]
[SourceVersion "1"]
[SourceVersionDate "2022.09.30"]
[SourceQuality "1"]

1. d4 Nf6 2. c4 c6 3. Nf3 d5 4. g3 e6 5. Bg2 dxc4 6. 0-0 b5 7. a4 a5 8. b3 cxb3 9. Qxb3 b4 10. Ne5 Nd5 11. e4 Nb6 12. Be3 Bd6 13. Nd2 0-0 14. f4 Bxe5 15. dxe5 Na6 16. f5 exf5 17. exf5 Nd5 18. Ne4 Re8 19. Bd4 Nc3 20. Bxc3 bxc3 21. Rad1 Qe7 22. Nd6 Nb4 23. Qxc3 Ba6 24. Rfe1 Red8 25. f6 Qe6 26. Qd2 gxf6 27. exf6 Qxf6 28. Ne4 Qe5 29. Qh6 Qg7 30. Qh4 Nd3 31. Nf6+ Kh8 32. Re4 Rd6 33. Ne8 Qh6 34. Nxd6 Qxd6 35. Rd4 Qc5 36. Qf6+ Kg8 37. Qd6 Qb6 38. Bf1 Nb2 39. Kg2 h5 40. Re1 Bb7 41. Rd5 Qb4 42. Rg5+ Kh7 43. Rxh5+ Kg8 44. Rg5+ Kh7 45. Qxb4 axb4 46. Re7 Rb8 47. Rxf7+ Kh8 48. Rf4 c5+ 49. Kg1 Bc6 50. Rh4# 1-0

[Event "Leca da Palmeira op"]
[Site "Leca da Palmeira"]
[Date "2022.08.01"]
[Round "4"]
[White "Pina, Tiago Miguel Catala"]
[Black "Pena Duarte, Fabian Dario"]
[Result "1/2-1/2"]
[WhiteElo "1897"]
[BlackElo "2224"]
[PlyCount "173"]
[EventDate "2022.07.31"]
[EventType "swiss"]
[EventRounds "9"]
[EventCountry "POR"]
[SourceTitle "CBM 209 Extra"]
[Source "ChessBase"]
[SourceDate "2022.09.30"]
[SourceVersion "1"]
[SourceVersionDate "2022.09.30"]
[SourceQuality "1"]

1. e4 e6 2. Qe2 Nc6 3. Nf3 e5 4. Nc3 Nf6 5. d3 Be7 6. Bg5 0-0 7. 0-0-0 Re8 8. Bxf6 Bxf6 9. Nd5 d6 10. h3 Be6 11. Kb1 a5 12. g4 Bxd5 13. exd5 Nb4 14. c4 c6 15. a3 Na6 16. h4 g6 17. g5 Bg7 18. Nd2 cxd5 19. cxd5 b5 20. Ne4 b4 21. a4 b3 22. Bg2 Qd7 23. Nc3 Nc5 24. Bh3 Qb7 25. Ne4 Nxe4 26. dxe4 h6 27. Rc1 hxg5 28. hxg5 Qe7 29. Qe3 Reb8 30. Rc4 Rb4 31. Rhc1 Rxc4 32. Rxc4 Rb8 33. Bf1 Bf8 34. Rc6 Rb4 35. Bb5 Qd8 36. Rc4 Rxc4 37. Bxc4 Be7 38. Qxb3 Bxg5 39. f3 Bd2 40. Bb5 Bb4 41. Qe3 Qh4 42. Ka2 Qh2 43. Be8 Kf8 44. Bb5 Kg7 45. Qe2 Qf4 46. Qg2 Qc1 47. Qe2 Kf6 48. Qh2 Kg7 49. Qe2 Bc5 50. Qf1 Qd2 51. Qe2 Qb4 52. Qc4 Qxc4+ 53. Bxc4 Kh6 54. Bb5 f5 55. Kb3 fxe4 56. fxe4 Bd4 57. Kc2 Kg5 58. Be8 Kh6 59. Bb5 Kg7 60. b3 Kf6 61. Kd2 Kg5 62. Be8 Kh6 63. Bb5 Kh5 64. Be8 Kg5 65. Ke2 Kf6 66. Kf3 Bc3 67. Bb5 Bd2 68. Be8 Bc1 69. Bb5 Ke7 70. Ke2 Kd8 71. Kd1 Bf4 72. Ke2 g5 73. Kf3 Kc7 74. Be8 Kb6 75. Kg4 Kc5 76. Kf5 Be3 77. Bh5 Kd4 78. Bf3 Bd2 79. Be2 Ke3 80. Bd1 Bc1 81. Bh5 Kd3 82. Bf3 Kc2 83. Be2 Kxb3 84. Bd1+ Kc3 85. Bh5 Kd4 86. Bd1 Ke3 87. Bg4 1/2-1/2

[Event "Erandio op 28th"]
[Site "Erandio"]
[Date "2019.12.17"]
[Round "4"]
[White "Ontiveros Acuna, Miguel Angel"]
[Black "Pena Duarte, Fabian Dario"]
[Result "1/2-1/2"]
[WhiteElo "2026"]
[BlackElo "2237"]
[PlyCount "161"]
[EventDate "2019.12.14"]
[EventType "swiss"]
[EventRounds "8"]
[EventCountry "ESP"]
[SourceTitle "CBM 194 Extra"]
[Source "ChessBase"]
[SourceDate "2020.03.31"]
[SourceVersion "1"]
[SourceVersionDate "2020.03.31"]
[SourceQuality "1"]

1. d4 Nf6 2. Nf3 g6 3. Bf4 Bg7 4. e3 d6 5. Be2 0-0 6. 0-0 Nbd7 7. h3 b6 8. a4 a6 9. Nbd2 Qe8 10. Bh2 Bb7 11. c4 a5 12. Re1 e5 13. Nb3 Ne4 14. Nfd2 Nxd2 15. Qxd2 Qe7 16. Bf1 Rfd8 17. Qc2 h5 18. Rec1 c5 19. d5 f5 20. e4 Rf8 21. Bd3 Qf6 22. Nd2 Bh6 23. Re1 Rae8 24. Rad1 Re7 25. f3 Bc8 26. Qb3 Rg7 27. Nb1 Kh8 28. Nc3 Rfg8 29. Kh1 f4 30. Nb5 Nf8 31. Be2 g5 32. Rd3 Ng6 33. Rf1 Nh4 34. Na3 Qd8 35. Nc2 Bd7 36. Ne1 Rh7 37. Bd1 Bg7 38. Kg1 Bf6 39. Kf2 g4 40. fxg4 hxg4 41. hxg4 Bxg4 42. Bxg4 Rxg4 43. Rh3 Qg8 44. Rg1 Bd8 45. Kf1 Qg6 46. Qd3 Qf7 47. Rh1 Qg6 48. Qe2 Rg7 49. Bg1 Kg8 50. Bf2 Rxg2 51. Nf3 Nxf3 52. Qxf3 Be7 53. Rh8+ Kf7 54. Rb8 Qg4 55. Qxg4 R2xg4 56. Rh3 Kg6 57. Ke2 f3+ 58. Kxf3 Rf4+ 59. Ke3 Bg5 60. Ke2 Rxe4+ 61. Kd3 Rg4 62. Rxb6 e4+ 63. Ke2 e3 64. Rxd6+ Kf5 65. Rf3+ Ke4 66. Re6+ Kd4 67. Bxe3+ Kxc4 68. d6 Kd5 69. Re8 Kxd6 70. Bxg5 R7xg5 71. b3 Rg2+ 72. Kd3 Kd7 73. Ra8 R2g4 74. Kc3 c4 75. bxc4 Rc5 76. Rd3+ Kc7 77. Rd4 Rg3+ 78. Rd3 Rg4 79. Rd4 Rg3+ 80. Rd3 Rg4 81. Rd4 1/2-1/2

[Event "Benidorm op U2300 18th"]
[Site "Benidorm"]
[Date "2019.12.01"]
[Round "3"]
[White "Pena Duarte, Fabian Dario"]
[Black "Plass, Mariana Camelia"]
[Result "1-0"]
[WhiteElo "2237"]
[BlackElo "2044"]
[PlyCount "45"]
[EventDate "2019.11.29"]
[EventType "swiss"]
[EventRounds "10"]
[EventCountry "ESP"]
[SourceTitle "EXT 2022"]
[Source "ChessBase"]
[SourceDate "2021.10.06"]
[SourceVersion "1"]
[SourceVersionDate "2021.10.06"]
[SourceQuality "1"]

1. d4 Nf6 2. Nf3 b6 3. g3 Bb7 4. Bg2 e6 5. 0-0 c5 6. dxc5 Bxc5 7. c4 d5 8. cxd5 Qxd5 9. Nc3 Qxd1 10. Rxd1 Nbd7 11. a3 a5 12. Bf4 Nd5 13. Ne5 N7f6 14. Na4 Rc8 15. b4 axb4 16. axb4 Bxb4 17. Nxb6 0-0 18. Nxc8 Bxc8 19. Nc6 Nxf4 20. gxf4 Bc5 21. Rac1 Ba3 22. Rc3 Bb2 23. Ne7+ 1-0

[Event "Basque-ch"]
[Site "Getxo"]
[Date "2019.04.26"]
[Round "5"]
[White "Pena Duarte, Fabian Dario"]
[Black "Rodriguez Gonzalez, Alex"]
[Result "1-0"]
[WhiteElo "2273"]
[BlackElo "2001"]
[PlyCount "63"]
[EventDate "2019.04.22"]
[EventType "swiss"]
[EventRounds "7"]
[EventCountry "ESP"]
[SourceTitle "CBM 190 Extra"]
[Source "ChessBase"]
[SourceDate "2019.07.15"]
[SourceVersion "1"]
[SourceVersionDate "2019.07.15"]
[SourceQuality "1"]

1. Nf3 Nc6 2. e4 d6 3. d4 Nf6 4. Nc3 g6 5. Be2 Bg7 6. d5 Nb8 7. Be3 0-0 8. Qd2 c6 9. Bh6 Qb6 10. Bxg7 Kxg7 11. 0-0-0 cxd5 12. exd5 Ng4 13. Rdf1 Na6 14. Nd4 Bd7 15. Bxg4 Bxg4 16. f3 Bd7 17. Re1 Rfe8 18. h4 h6 19. h5 g5 20. f4 g4 21. f5 Rac8 22. Rh4 Nb4 23. a3 Rxc3 24. axb4 Rc4 25. Rxg4+ Kh7 26. Qd3 Qxb4 27. f6+ Kh8 28. Qe3 Qxe1+ 29. Qxe1 Bxg4 30. Qe3 exf6 31. Qxe8+ Kg7 32. Qe4 1-0

[Event "Basque-ch"]
[Site "Getxo"]
[Date "2019.04.25"]
[Round "4"]
[White "Segura del Frago, Imanol"]
[Black "Pena Duarte, Fabian Dario"]
[Result "1-0"]
[WhiteElo "2028"]
[BlackElo "2273"]
[PlyCount "54"]
[EventDate "2019.04.22"]
[EventType "swiss"]
[EventRounds "7"]
[EventCountry "ESP"]
[SourceTitle "CBM 190 Extra"]
[Source "ChessBase"]
[SourceDate "2019.07.15"]
[SourceVersion "1"]
[SourceVersionDate "2019.07.15"]
[SourceQuality "1"]

1. e4 d6 2. d4 Nf6 3. Nc3 c6 4. Be3 b5 5. Bd3 e5 6. Nf3 Ng4 7. Bg5 Be7 8. Bxe7 Qxe7 9. 0-0 0-0 10. h3 Nf6 11. Re1 Re8 12. Qd2 Nh5 13. Bf1 Qf6 14. Re3 a6 15. Rd1 Ra7 16. b4 Rc7 17. a4 exd4 18. Nxd4 bxa4 19. Nxa4 Bb7 20. Nf5 Re6 21. Nxd6 Rd7 22. Rd3 Nf4 23. Rd4 Qg5 24. g3 Rg6 25. Nxb7 h5 26. Rxd7 Nxd7 27. Qxd7 Kh7 1-0

[Event "Basque-ch"]
[Site "Getxo"]
[Date "2019.04.24"]
[Round "3"]
[White "Pena Duarte, Fabian Dario"]
[Black "Torres Garcia, Koldo"]
[Result "1-0"]
[WhiteElo "2273"]
[BlackElo "1967"]
[PlyCount "97"]
[EventDate "2019.04.22"]
[EventType "swiss"]
[EventRounds "7"]
[EventCountry "ESP"]
[SourceTitle "CBM 190 Extra"]
[Source "ChessBase"]
[SourceDate "2019.07.15"]
[SourceVersion "1"]
[SourceVersionDate "2019.07.15"]
[SourceQuality "1"]

1. d4 Nf6 2. Nf3 c5 3. e3 b6 4. Be2 Bb7 5. 0-0 g6 6. a4 Bg7 7. a5 d6 8. Bb5+ Bc6 9. Nc3 Bxb5 10. Nxb5 0-0 11. Re1 Nc6 12. a6 Ne8 13. d5 Na5 14. Ra2 Qc8 15. Qe2 Qxa6 16. Bd2 Qb7 17. e4 a6 18. Na3 e6 19. Bxa5 bxa5 20. dxe6 fxe6 21. Nc4 d5 22. Nxa5 Qd7 23. Rd1 Nc7 24. h4 Rf4 25. g3 Rff8 26. c4 Rae8 27. b3 d4 28. Ne1 e5 29. Nd3 Ne6 30. Qg4 Qc7 31. Kg2 Rf6 32. h5 g5 33. b4 h6 34. bxc5 Nxc5 35. Nxc5 Qxc5 36. Qd7 Rc8 37. Rb1 Rd6 38. Qa4 Rb6 39. Rxb6 Qxb6 40. Qd7 Rf8 41. Nc6 Qb1 42. Ne7+ Kh7 43. Re2 Qd3 44. Nf5 Rg8 45. Re1 g4 46. Re3 Qxc4 47. Nd6 Qa2 48. Ra3 Rd8 49. Qf5+ 1-0

[Event "Getxo op 3rd"]
[Site "Getxo"]
[Date "2018.09.13"]
[Round "7"]
[White "Miguelez Garcia, Erlantz"]
[Black "Pena Duarte, Fabian Dario"]
[Result "0-1"]
[WhiteElo "2029"]
[BlackElo "2223"]
[PlyCount "62"]
[EventDate "2018.09.08"]
[EventType "swiss"]
[EventRounds "9"]
[EventCountry "ESP"]
[SourceTitle "EXT 2020"]
[Source "ChessBase"]
[SourceDate "2019.10.17"]
[SourceVersion "1"]
[SourceVersionDate "2019.10.17"]
[SourceQuality "1"]

1. d4 Nf6 2. Nf3 g6 3. c4 Bg7 4. Nc3 d5 5. cxd5 Nxd5 6. e4 Nxc3 7. bxc3 c5 8. Be3 Qa5 9. Qd2 0-0 10. Rb1 Bd7 11. Rc1 Rd8 12. Be2 Nc6 13. d5 Be8 14. c4 Nb4 15. e5 b6 16. Qc3 Qxa2 17. Bd1 Qa6 18. h4 Qb7 19. Qd2 e6 20. d6 f6 21. exf6 Bxf6 22. Ng5 Be5 23. Bf3 Bc6 24. Qe2 Rxd6 25. 0-0 Bxf3 26. Nxf3 Bg7 27. Bf4 e5 28. Nxe5 Rd4 29. Bg3 Re4 30. Qf3 Rf8 31. Qc3 Na2 0-1

[Event "Getxo op 3rd"]
[Site "Getxo"]
[Date "2018.09.11"]
[Round "5"]
[White "Pena Duarte, Fabian Dario"]
[Black "Martinez de Soria Gordon, Jose Manuel"]
[Result "1-0"]
[WhiteElo "2223"]
[BlackElo "1885"]
[PlyCount "57"]
[EventDate "2018.09.08"]
[EventType "swiss"]
[EventRounds "9"]
[EventCountry "ESP"]
[SourceTitle "EXT 2020"]
[Source "ChessBase"]
[SourceDate "2019.10.17"]
[SourceVersion "1"]
[SourceVersionDate "2019.10.17"]
[SourceQuality "1"]

1. d4 Nf6 2. Nf3 e6 3. g3 b6 4. Bg2 Bb7 5. 0-0 Be7 6. c4 0-0 7. Nc3 Ne4 8. Qc2 Nxc3 9. bxc3 f5 10. d5 Qc8 11. Nd4 c5 12. Nb3 d6 13. e4 e5 14. Bh3 g6 15. Bh6 Rf7 16. f4 Bf8 17. Bxf8 Qxf8 18. fxe5 dxe5 19. exf5 g5 20. f6 Rxf6 21. Rxf6 Qxf6 22. Rf1 Qh6 23. Be6+ Kh8 24. Rf7 Ba6 25. Qf5 Nd7 26. Rxd7 Rf8 27. Rf7 Rxf7 28. Qxf7 Qg6 29. Qf8+ 1-0

[Event "Getxo op 3rd"]
[Site "Getxo"]
[Date "2018.09.09"]
[Round "3"]
[White "Pena Duarte, Fabian Dario"]
[Black "Martin Ibisate, Xabier"]
[Result "1-0"]
[WhiteElo "2223"]
[BlackElo "1780"]
[PlyCount "49"]
[EventDate "2018.09.08"]
[EventType "swiss"]
[EventRounds "9"]
[EventCountry "ESP"]
[SourceTitle "EXT 2020"]
[Source "ChessBase"]
[SourceDate "2019.10.17"]
[SourceVersion "1"]
[SourceVersionDate "2019.10.17"]
[SourceQuality "1"]

1. d4 d5 2. Nf3 e6 3. g3 c5 4. Bg2 Nc6 5. 0-0 Nf6 6. c4 cxd4 7. Nxd4 Bc5 8. Nxc6 bxc6 9. Qc2 Be7 10. Rd1 Bb7 11. e4 0-0 12. Nc3 d4 13. e5 Ne8 14. Ne2 Bc5 15. b4 Bb6 16. Bb2 a5 17. c5 Ba7 18. b5 Qc8 19. b6 Bb8 20. f4 f6 21. exf6 gxf6 22. Bh3 Ng7 23. Nxd4 f5 24. Re1 Re8 25. Re3 1-0

[Event "Mondariz GM"]
[Site "Mondariz"]
[Date "2018.08.30"]
[Round "9"]
[White "Andres Gonzalez, Alberto"]
[Black "Pena Duarte, Fabian Dario"]
[Result "1-0"]
[WhiteElo "2512"]
[BlackElo "2223"]
[PlyCount "83"]
[EventDate "2018.08.24"]
[EventType "tourn"]
[EventRounds "9"]
[EventCountry "ESP"]
[EventCategory "7"]
[SourceTitle "CBM 186 Extra"]
[Source "ChessBase"]
[SourceDate "2018.08.24"]
[SourceVersion "1"]
[SourceVersionDate "2018.08.24"]
[SourceQuality "1"]

1. Nf3 g6 2. d4 Bg7 3. e4 c5 4. dxc5 Qa5+ 5. c3 Qxc5 6. Be3 Qc7 7. Bd3 Nc6 8. h3 Nf6 9. c4 0-0 10. 0-0 d6 11. Nc3 e6 12. Rc1 Nd7 13. Qd2 Nde5 14. Nxe5 dxe5 15. Nb5 Qb8 16. c5 Rd8 17. Rfd1 Bd7 18. Qc3 b6 19. cxb6 axb6 20. Bf1 Nd4 21. Nxd4 exd4 22. Bxd4 Bxd4 23. Rxd4 e5 24. Rb4 Rxa2 25. Bc4 Ra7 26. Qb3 b5 27. Bxf7+ Kg7 28. Be6 Be8 29. Qe3 Rc7 30. Rb3 Rxc1+ 31. Qxc1 b4 32. Bd5 Ba4 33. Rf3 Rd7 34. h4 h6 35. h5 g5 36. b3 Bb5 37. Qc5 Be2 38. Qc6 Rd6 39. Rf7+ Kh8 40. Rb7 Qd8 41. Qc5 Ba6 42. Rxb4 1-0

[Event "Mondariz GM"]
[Site "Mondariz"]
[Date "2018.08.26"]
[Round "2"]
[White "Manolache, Marius"]
[Black "Pena Duarte, Fabian Dario"]
[Result "1-0"]
[WhiteElo "2481"]
[BlackElo "2223"]
[PlyCount "111"]
[EventDate "2018.08.24"]
[EventType "tourn"]
[EventRounds "9"]
[EventCountry "ESP"]
[EventCategory "7"]
[SourceTitle "CBM 186 Extra"]
[Source "ChessBase"]
[SourceDate "2018.08.24"]
[SourceVersion "1"]
[SourceVersionDate "2018.08.24"]
[SourceQuality "1"]

1. d4 d5 2. Nf3 Nf6 3. c4 c6 4. Nc3 e6 5. e3 Nbd7 6. Qc2 Bd6 7. g4 Bb4 8. Bd2 h6 9. Rg1 Qe7 10. 0-0-0 b6 11. cxd5 exd5 12. Nh4 g6 13. f3 Bb7 14. Ng2 0-0-0 15. a3 Bxc3 16. Bxc3 Kb8 17. h4 Rhe8 18. Kb1 Ka8 19. Rh1 h5 20. g5 Nh7 21. Rc1 Rc8 22. Bd3 Nhf8 23. Rhe1 c5 24. Bb5 Qd6 25. Qa4 Red8 26. dxc5 bxc5 27. Ba5 Nb6 28. Qf4 Qe6 29. Rc2 Rd6 30. Rec1 a6 31. Bf1 Nfd7 32. Ne1 Rdc6 33. Nd3 Nc4 34. Rxc4 dxc4 35. Nf2 f5 36. Bxc4 Qd6 37. Rd1 Qxf4 38. exf4 Nb6 39. Bf7 c4 40. Re1 Nd7 41. Nd1 Rd6 42. Ne3 Bxf3 43. Nxc4 Rdc6 44. Nd2 Bg2 45. Rg1 Rf8 46. Bb3 Be4+ 47. Nxe4 fxe4 48. Bd5 Kb7 49. Bd2 Kc7 50. Bxe4 Rd6 51. Bb4 Rxf4 52. Bxd6+ Kxd6 53. Bxg6 Rxh4 54. Bf5 Rd4 55. Bxd7 Kxd7 56. g6 1-0

[Event "Mondariz GM"]
[Site "Mondariz"]
[Date "2018.08.26"]
[Round "3"]
[White "Pena Duarte, Fabian Dario"]
[Black "Del Rey, Diego"]
[Result "0-1"]
[WhiteElo "2223"]
[BlackElo "2336"]
[PlyCount "128"]
[EventDate "2018.08.24"]
[EventType "tourn"]
[EventRounds "9"]
[EventCountry "ESP"]
[EventCategory "7"]
[SourceTitle "CBM 186 Extra"]
[Source "ChessBase"]
[SourceDate "2018.08.24"]
[SourceVersion "1"]
[SourceVersionDate "2018.08.24"]
[SourceQuality "1"]

1. d4 d6 2. c4 e5 3. d5 a5 4. Nc3 Na6 5. e4 g6 6. Bd3 Bh6 7. Bxh6 Nxh6 8. Qd2 Ng8 9. Nge2 Qh4 10. 0-0 Qh6 11. Qe1 Nf6 12. Nb5 0-0 13. Ng3 b6 14. a3 Qg5 15. f3 Bd7 16. Bc2 h5 17. Qc1 Qxc1 18. Rfxc1 h4 19. Ne2 Nh5 20. Rab1 f5 21. Nbc3 h3 22. g3 fxe4 23. Bxe4 Kg7 24. b4 Nf6 25. Rf1 Rf7 26. Bd3 Bf5 27. Nc1 axb4 28. axb4 Nb8 29. Bxf5 gxf5 30. Nb5 e4 31. Nd4 exf3 32. Nxf5+ Kh7 33. Rxf3 Ne4 34. Nb3 Nd7 35. Nfd4 Rxf3 36. Nxf3 Ra2 37. Nh4 Ne5 38. Re1 Ng5 39. Rf1 Ng4 40. Nd4 Ne3 41. Re1 Ng4 42. Rf1 Kg8 43. Ne6 Nxe6 44. dxe6 Re2 45. Rc1 Rxe6 46. Rf1 Re2 47. Rf4 Re1+ 48. Rf1 Rxf1+ 49. Kxf1 Nxh2+ 50. Kg1 Ng4 51. b5 Kf7 52. Nf3 Kf6 53. Nh2 Ne5 54. Nf1 Nxc4 55. Kh2 Na3 56. Kxh3 Nxb5 57. Ne3 Nc3 58. g4 Kg5 59. Kg3 Ne4+ 60. Kf3 Nf6 61. Ke2 b5 62. Kd3 Nxg4 63. Nd5 c6 64. Ne7 Ne5+ 0-1

[Event "Euskadi-ch"]
[Site "Pamplona"]
[Date "2018.04.06"]
[Round "5"]
[White "Abalia Patino, Aritz"]
[Black "Pena Duarte, Fabian Dario"]
[Result "1-0"]
[WhiteElo "2103"]
[BlackElo "2258"]
[PlyCount "191"]
[EventDate "2018.04.02"]
[EventType "swiss"]
[EventRounds "7"]
[EventCountry "ESP"]
[SourceTitle "EXT 2021"]
[Source "ChessBase"]
[SourceDate "2020.10.23"]
[SourceVersion "1"]
[SourceVersionDate "2020.10.23"]
[SourceQuality "1"]

1. Nf3 Nf6 2. c4 g6 3. b4 Bg7 4. Bb2 d6 5. e3 0-0 6. Be2 a5 7. b5 Nbd7 8. d4 b6 9. Nc3 Bb7 10. Qc2 e6 11. 0-0 h6 12. Rac1 Nh7 13. Rfd1 f5 14. c5 bxc5 15. Na4 Be4 16. Qd2 Ng5 17. dxc5 Bxf3 18. Bxf3 Nxf3+ 19. gxf3 Bxb2 20. Qxb2 Qg5+ 21. Kh1 Qh5 22. cxd6 Qxf3+ 23. Kg1 Qg4+ 24. Kh1 cxd6 25. f4 Nf6 26. Qg2 Qxg2+ 27. Kxg2 Nd5 28. Kf3 Rab8 29. Nc3 Nxc3 30. Rxc3 Rxb5 31. Rxd6 Kf7 32. Rc7+ Kf6 33. Ra6 Rf7 34. Rcc6 Re7 35. h4 Rb1 36. Rxa5 Rh1 37. Kg3 Rg1+ 38. Kf3 Rh1 39. Kg3 Rg1+ 40. Kf3 Rg4 41. h5 g5 42. Rxf5+ Kxf5 43. e4+ Kf6 44. Kxg4 gxf4 45. Kxf4 Ra7 46. Rc2 Ra5 47. Rh2 e5+ 48. Kg4 Ra4 49. Re2 Rc4 50. Re3 Rb4 51. Re2 Ra4 52. Kh4 Rc4 53. Kg4 Rc1 54. Rf2+ Ke6 55. Rb2 Rg1+ 56. Kf3 Rf1+ 57. Ke2 Rh1 58. Rb6+ Kf7 59. Rxh6 Rh2+ 60. Kf3 Rxa2 61. Rb6 Rh2 62. h6 Rh1 63. Kg4 Rf1 64. Kg5 Rf4 65. Rb7+ Kg8 66. Kg6 Rg4+ 67. Kf5 Rh4 68. Rb6 Kh7 69. Kxe5 Rh5+ 70. Kf4 Rh4+ 71. Kf5 Rh5+ 72. Kg4 Rh1 73. Rf6 Re1 74. Kf5 Ra1 75. e5 Ra5 76. Rf8 Kxh6 77. Rg8 Kh7 78. Rg1 Ra8 79. Kf6 Ra2 80. e6 Rf2+ 81. Ke7 Ra2 82. Kf7 Rf2+ 83. Ke8 Re2 84. e7 Rd2 85. Rg4 Rd1 86. Kf7 Rf1+ 87. Ke6 Re1+ 88. Kf6 Re2 89. Rg5 Rh2 90. e8Q Rf2+ 91. Rf5 Rxf5+ 92. Kxf5 Kg7 93. Kg5 Kh7 94. Qe7+ Kh8 95. Kg6 Kg8 96. Qe8# 1-0

[Event "Euskadi-ch"]
[Site "Pamplona"]
[Date "2018.04.03"]
[Round "2"]
[White "Pena Duarte, Fabian Dario"]
[Black "Lerendegui Lasa, Odei"]
[Result "1-0"]
[WhiteElo "2258"]
[BlackElo "2124"]
[PlyCount "121"]
[EventDate "2018.04.02"]
[EventType "swiss"]
[EventRounds "7"]
[EventCountry "ESP"]
[SourceTitle "EXT 2021"]
[Source "ChessBase"]
[SourceDate "2020.10.23"]
[SourceVersion "1"]
[SourceVersionDate "2020.10.23"]
[SourceQuality "1"]

1. e4 c5 2. Nf3 Nc6 3. d4 cxd4 4. Nxd4 g6 5. Nc3 Bg7 6. Be3 Nf6 7. Bc4 0-0 8. Bb3 d6 9. h3 Na5 10. 0-0 a6 11. Nf3 Qc7 12. Bd4 Nxb3 13. axb3 e5 14. Be3 Bd7 15. Re1 b5 16. b4 Bc6 17. Bg5 Nh5 18. Nh2 h6 19. Bc1 Nf6 20. Ra3 a5 21. Rxa5 Rxa5 22. bxa5 b4 23. Nd5 Bxd5 24. exd5 Qxa5 25. Ng4 Nxg4 26. hxg4 Rc8 27. Qd3 Qc5 28. Re2 Qc4 29. Qxc4 Rxc4 30. f3 b3 31. c3 f5 32. gxf5 gxf5 33. Kf2 Rc5 34. Rd2 Bf6 35. Rd1 Kg7 36. Be3 Ra5 37. Ke2 Ra2 38. Rb1 f4 39. Bd2 Bd8 40. c4 Bb6 41. Kd3 Ra7 42. Bb4 Rd7 43. Kc3 Kf6 44. Kxb3 e4 45. fxe4 Ke5 46. Rh1 Kxe4 47. Rxh6 Ke5 48. Re6+ Kd4 49. Bxd6 Ba5 50. Be5+ Kd3 51. Rc6 Rb7+ 52. Ka4 Bd2 53. d6 Ra7+ 54. Kb3 Rb7+ 55. Ka2 Kc2 56. Ra6 Be3 57. Ra3 Bc5 58. Rc3+ Kd1 59. Bxf4 Bb4 60. Rc1+ Ke2 61. c5 1-0

[Event "San Sebastian op 41st"]
[Site "San Sebastian"]
[Date "2018.03.30"]
[Round "8"]
[White "Pena Duarte, Fabian Dario"]
[Black "Segura del Frago, Imanol"]
[Result "1-0"]
[WhiteElo "2207"]
[BlackElo "2007"]
[PlyCount "167"]
[EventDate "2018.03.24"]
[EventType "swiss"]
[EventRounds "9"]
[EventCountry "ESP"]
[SourceTitle "CBM 183 Extra"]
[Source "ChessBase"]
[SourceDate "2018.04.19"]
[SourceVersion "1"]
[SourceVersionDate "2018.04.19"]
[SourceQuality "1"]

1. Nf3 Nf6 2. g3 d5 3. Bg2 g6 4. 0-0 Bg7 5. c4 c6 6. d4 0-0 7. Ne5 Be6 8. c5 Ne4 9. b4 a5 10. f3 Nf6 11. bxa5 Nbd7 12. Nd3 Rxa5 13. Bd2 Ra7 14. Nc3 Bf5 15. e4 dxe4 16. fxe4 Be6 17. e5 Nd5 18. Nxd5 Bxd5 19. Bxd5 cxd5 20. a4 Nb8 21. Rf4 Nc6 22. Qe1 Qd7 23. a5 g5 24. Rf2 Nxd4 25. Bxg5 Qg4 26. Qe3 Qe4 27. Re1 Qxe3 28. Bxe3 Nc6 29. Rb1 d4 30. Bg5 Nxe5 31. Nxe5 Bxe5 32. Bxe7 Re8 33. Bd6 Re6 34. Rb6 d3 35. Bxe5 Rxe5 36. Rb5 Re1+ 37. Kg2 Ra1 38. Rb3 Rd1 39. Ra3 Ra8 40. Rf1 Rd2+ 41. Rf2 Rd1 42. Rb3 d2 43. Rd3 Rxa5 44. Rd8+ Kg7 45. Rd7 Kg6 46. Rd6+ Kg7 47. Rd7 Rxc5 48. Rfxf7+ Kg6 49. Rg7+ Kf6 50. Rxh7 Rcc1 51. Kh3 b5 52. Rh6+ Ke5 53. Rhd6 b4 54. Rd5+ Ke4 55. Rxd2 Rxd2 56. Rxd2 b3 57. Rb2 Rc3 58. Kg4 Ke5 59. h4 Kf6 60. Rf2+ Kg6 61. h5+ Kh6 62. Rf6+ Kg7 63. Rb6 Kh7 64. Rb7+ Kh6 65. Rb6+ Kg7 66. Kf4 Rc4+ 67. Kg5 Rc5+ 68. Kh4 Rc3 69. g4 Kh7 70. Rb7+ Kg8 71. Rb5 Kg7 72. Kg5 Rg3 73. Kf4 Rh3 74. Kf5 Rf3+ 75. Kg5 Rg3 76. Rb7+ Kg8 77. h6 Kh8 78. Rb8+ Kh7 79. Rb7+ Kh8 80. Kh5 Rc3 81. g5 Rg3 82. Rb8+ Kh7 83. g6+ Rxg6 84. Rb7+ 1-0

[Event "San Sebastian op 41st"]
[Site "San Sebastian"]
[Date "2018.03.27"]
[Round "5"]
[White "Vinal Gutierrez, Pedro"]
[Black "Pena Duarte, Fabian Dario"]
[Result "1/2-1/2"]
[WhiteElo "2056"]
[BlackElo "2207"]
[PlyCount "86"]
[EventDate "2018.03.24"]
[EventType "swiss"]
[EventRounds "9"]
[EventCountry "ESP"]
[SourceTitle "CBM 183 Extra"]
[Source "ChessBase"]
[SourceDate "2018.04.19"]
[SourceVersion "1"]
[SourceVersionDate "2018.04.19"]
[SourceQuality "1"]

1. d4 Nf6 2. Bf4 d6 3. e3 g6 4. h3 Bg7 5. Nf3 0-0 6. Be2 b6 7. 0-0 Bb7 8. c4 Nbd7 9. Nc3 e6 10. Qc2 Qe7 11. Bh2 e5 12. b4 h5 13. a4 a5 14. bxa5 Rxa5 15. Nb5 Ne8 16. dxe5 dxe5 17. Rfd1 Nc5 18. Nc3 Nd6 19. Nd5 Bxd5 20. Rxd5 c6 21. Rxe5 Bxe5 22. Nxe5 Qf6 23. Rd1 Rfa8 24. Nf3 Nce4 25. Rd4 Rxa4 26. Be5 Ra1+ 27. Bf1 Qf5 28. Rd1 Rxd1 29. Qxd1 Rd8 30. Bb2 Nxf2 31. Qd4 f6 32. Qxb6 Nxh3+ 33. gxh3 Nf7 34. Qxc6 Rd1 35. Qxf6 Qxf6 36. Bxf6 Nd6 37. c5 Ne4 38. Bd4 Rc1 39. Kg2 Rc2+ 40. Kg1 Rc1 41. Kg2 Rc2+ 42. Kg1 Rc1 43. Kg2 Rc2+ 1/2-1/2

[Event "COL-ch"]
[Site "Palmira"]
[Date "2017.05.21"]
[Round "10"]
[White "Pena Duarte, Fabian Dario"]
[Black "Blandon, Luis Guillermo"]
[Result "0-1"]
[WhiteElo "2218"]
[BlackElo "2262"]
[PlyCount "70"]
[EventDate "2017.05.15"]
[EventType "swiss"]
[EventRounds "10"]
[EventCountry "COL"]
[SourceTitle "CBM 178 Extra"]
[Source "ChessBase"]
[SourceDate "2017.06.22"]
[SourceVersion "1"]
[SourceVersionDate "2017.06.22"]
[SourceQuality "1"]

1. e4 c5 2. Nf3 d6 3. d4 cxd4 4. Nxd4 Nf6 5. Nc3 g6 6. Be3 Bg7 7. f3 0-0 8. Bc4 Nc6 9. Qd2 Bd7 10. 0-0-0 Rb8 11. h4 Na5 12. Bb3 b5 13. h5 Nc4 14. Bxc4 bxc4 15. hxg6 fxg6 16. Bh6 Bxh6 17. Qxh6 Qb6 18. b3 Rf7 19. g4 Qc5 20. Kb2 e5 21. Nf5 gxf5 22. g5 cxb3 23. cxb3 Rc8 24. Nb1 Ne8 25. g6 Rg7 26. gxh7+ Kh8 27. Rd2 a5 28. Ka1 a4 29. bxa4 Ra8 30. Rhh2 Qc1 31. Rh1 Qc4 32. Rhh2 Rxa4 33. Rhg2 Rxg2 34. Rxg2 Qd4+ 35. Rb2 Rb4 0-1